La crisis económica de América Latina, antecedentes y perspectivas

Sábháilte in:
Sonraí bibleagrafaíochta
Údar corparáideach: Instituto de Estudios Económicos de América Latina
Formáid: Téacs
Foilsithe / Cruthaithe: s.l.: CIDE
Clibeanna: Cuir clib leis
Níl clibeanna ann, Bí ar an gcéad duine le clib a chur leis an taifead seo!

MARC

LEADER 00000 a a2200000 04500
001 24448
003
040 |a CRAI/IIS  |c CRAI/IIS 
090 |a 175300  
110 |a Instituto de Estudios Económicos de América Latina  
245 |a La crisis económica de América Latina, antecedentes y perspectivas  
260 |a s.l.:   |b CIDE  
300 |a 89 p.   |b **no definido**  
999 |c 6208  |d 6208